000 00559nam a2200193 a 4500
005 20240320063655.0
008 991125s1979 mx 000 0 spa u
020 _a9683400531
035 _aUPN01000057536
049 _aCG
050 4 _aPN6019 G7
_bM5.78
100 1 _aMiller, Henry,
_d1891-1980
_929248
245 1 0 _aTrópico de Cáncer /
_cHenry Miller ; tr. Carlos Manzano.
260 _aMéxico :
_bPROMEXA,
_c1979.
300 _axiii, 360 p.
440 4 _aLas grandes obras del siglo veinte
650 4 _aNovela estadounidense
_94462
905 _aLibro
999 _c57536
_d57536